Putting Queensland on the map (Record no. 107294)
[ view plain ]
| 000 -LEADER | |
|---|---|
| fixed length control field | 01558nam a2200361Ia 4500 |
| 100 1# - MAIN ENTRY--AUTHOR NAME | |
| Personal name | Jack, Felicity. |
| 245 10 - TITLE STATEMENT | |
| Title | Putting Queensland on the map |
| 260 ## - PUBLICATION, DISTRIBUTION, ETC. (IMPRINT) | |
| Place of publication | Sydney, NSW, Australia : |
| Name of publisher | University of New South Wales Press Ltd, |
| Year of publication | 2008. |
| 300 ## - PHYSICAL DESCRIPTION | |
| Number of Pages | ix, 275 p. : |
| Other physical details | ill., maps, ports. |
| 650 #0 - SUBJECT ADDED ENTRY--TOPICAL TERM | |
| Topical Term | Explorers |
| Topical Term | Geologists |
| Topical Term | Prospecting |
| 856 40 - ELECTRONIC LOCATION AND ACCESS | |
| Uniform Resource Identifier | http://site.ebrary.com/lib/rucke/Doc?id=10355598 |
No items available.
